000 00816nam a2200229 a 4500
001 000034795
005 20240514073717.0
008 111019s1964 sp 000 0 spa d
040 _aDO-SdBNP
_bspa
_cBNPHU
082 _a170
_bT724p
100 1 _aToulmin, Stephen Edelston
_94872
240 1 0 _aAn examination of the place of reason in Ethics
_lespañol
245 1 3 _aEl puesto de la razón en la ética /
_cStephen E. Toulmin ; traducción I. F. Ariza ; prólogo José Luis L. Aranguren.
260 _aMadrid :
_bRevista de Occidente,
_c1964.
300 _a258 p. ;
_c23 cm.
500 _aTraducido del inglés.
650 0 _aÉtica
_9509
650 4 _aRazón
_960298
700 1 _aAriza, I. F.,
_etr.
_960299
700 1 _aAranguren, José Luis L.,
_epról.
_960300
910 _aValidado. Control de calidad BNPHU
999 _c34286
_d34286